| 000 | 00580nam a22001817a 4500 | ||
|---|---|---|---|
| 003 | OSt | ||
| 005 | 20251206034524.0 | ||
| 008 | 251206b |||||||| |||| 00| 0 eng d | ||
| 020 | _a0-87434-177-9. | ||
| 040 |
_aDWCL-Main lib. _cOC |
||
| 082 | _aCirc. 615.11 N974 1989 | ||
| 245 | _aNursing IV drug handbook/ | ||
| 260 |
_aPennsylvania : _bSpringhouse Corporation, _c c1989. |
||
| 300 |
_axxxv, 539 p. ; _c20 cm. |
||
| 650 | _a1. Drugs-Administration-Handbooks, manuals, etc. | ||
| 650 | _a2. Intravenous therapy-Handbooks, manuals, etc. | ||
| 942 |
_2ddc _cBK-CIRC _hCirc. _n0 |
||
| 999 |
_c7002 _d7002 |
||